00950cam a2200229 4500020001500000040000800015082002600023100001700049245010300066250002200169260004200191300003100233500011300264650001600377650002100393650001600414856006500430856006600495942000700561999001700568952013500585 a0486209741 cDLC00a630 DOV 1973 A042 Or.1 aKains, M. G.10aFive acres and independence;ba practical guide to the selection and management of the small farm. aRev. and enl. ed. aNew York,bDover Publicationsc[1973] axv, 397 p.billus.c22 cm. aReprint of the 1940 ed. published by Greenberg, New York, originally issued in 1935 under title: Five acres. 0aAgriculture 0aFarm management. 0aAgriculture42uhttp://www.loc.gov/catdir/description/dover032/72092758.html41uhttp://www.loc.gov/catdir/enhancements/fy1318/72092758-t.html cEK c12332d12332 0010406630_000000000000000_DOV_1973_A042_CO70961912aLBAbLBAcA042d2017-08-12o630 DOV 1973 A042 Co.pA17304r2017-08-12yEK